| 000 | 00375nam a22001217a 4500 | ||
|---|---|---|---|
| 999 |
_c10122 _d10122 |
||
| 003 | OSt | ||
| 008 | 201218b ||||| |||| 00| 0 eng d | ||
| 245 | _aAdvance Development in Indian Software Engineering | ||
| 250 | _a2017(Jan-Jun Vol.5 No.1, Jul-Dec Vol.5 No.2) | ||
| 260 |
_aNew Delhi _bGBS Publishers and Distributors |
||
| 650 | _aInformation Technology | ||
| 942 |
_2ddc _cBV |
||